000 00575nam a22001817a 4500
005 20251108164354.0
008 250721s1988 xx 000 0 ara d
082 1 4 _a411.709/محم
100 1 _aالصكار، محمد سعيد
245 1 0 _aالخط العربي للناشئة :
_bمقدمة تاريخية لنشأة الخط العربي ... /
264 1 _aلندن :
_bدار الساقي،
_c1988.
300 _a48ص
650 1 7 _aاللغة العربية
650 1 7 _aالخط العربي
650 1 7 _aالتاريخ
942 _2ddc
_cBK
999 _c10541
_d10541